000 00638nam a22002657a 4500
005 20250611112006.0
008 161005b xxu||||| |||| 00| 0 spa d
020 _a9786073120272
041 _aESP
082 _aCh 863.42 A432j
100 _aAllende, Isabel
_922153
245 _aEl juego de Ripper
260 _aMéxico
260 _bPlaza Janés
260 _c2014
300 _a478 páginas
490 _aTemática General
650 _aLITERATURA CHILENA
650 _aNOVELA CHILENA
650 _aLITERATURA LATINOAMERICANA
650 _aCRÍMENES
650 _aMISTERIO
650 _aSUSPENSO
942 _cLIT
_2ddc
999 _c8486
_d8486